Oficials de la Corona d'Aragó a Sardenya (segle XIV) : notes biogràfiques / Maria-Mercè Costa notes biogràfiques / Maria-Mercè Costa
Descripción Física:
p. 325-377 ; 24 cm
Materias:
Governadors -- Sardenya -- Segle XIV
MARC
| LEADER | 00000nam a2200000Ia 4500 | ||
|---|---|---|---|
| 001 | 17563 | ||
| 008 | 160829s1964 xx 000 0 cat d | ||
| 080 | |a H-2-331 | ||
| 100 | |a Costa i Paretas, Maria Mercè |9 20482 | ||
| 245 | |a Oficials de la Corona d'Aragó a Sardenya (segle XIV) : |b notes biogràfiques / Maria-Mercè Costa | ||
| 260 | |a Padova : |b Cedam, |c 1964 | ||
| 300 | |a p. 325-377 ; |c 24 cm | ||
| 590 | |a Separata de l'Archivio Storico Sardo, v. XXIX. | ||
| 590 | |a Prové de S-19, exp. 1 del currículum per la plaça d'arxiver de la Corporació, 1966 | ||
| 650 | |a Governadors |x Sardenya |x Segle XIV |9 46607 | ||
| 901 | |a Arxiu | ||
| 942 | |n 1 | ||
| 952 | |0 0 |1 0 |4 0 |6 H2331 |7 1 |9 53313 |a Arxiu |b Arxiu |d 2016-12-01 |l 0 |o H-2-331 |p 17563 |r 2016-12-01 00:00:00 |w 2016-12-01 |y ARXIU | ||
| 999 | |c 57177 |d 57177 | ||